Housing statistics 2004 (Record no. 118421)

MARC details
000 -LEADER
fixed length control field 01358cam a2200229 4500
001 - CONTROL NUMBER
control field WB@3612-391
008 - FIXED-LENGTH DATA ELEMENTS--GENERAL INFORMATION
fixed length control field 041209n2004 000 0 eng u
035 ## - SYSTEM CONTROL NUMBER
System control number (Sirsi) u128255
245 ## - TITLE STATEMENT
Title Housing statistics 2004
260 ## - PUBLICATION, DISTRIBUTION, ETC.
Date of publication, distribution, etc. 2004
490 ## - SERIES STATEMENT
Series statement ODPM News Release
Volume/sequential designation (2004/0304) 9 December 2004 (2)
520 ## - SUMMARY, ETC.
Summary, etc. The annual ODPM compendium of statistics has just been published. "Housing statistics 2004" covers all aspects of housing. It includes statistics that show that over 143 000 new dwellings were completed in England during the financial year ending 31 March 2004. The number of flats built as a proportion of all new properties increased from 20% in 2000/01 to 34% in 2003/04. Other results are that on average, general housing expenditure (including rents and mortgage payments but excluding capital payments other than those under repayment mortgage) accounted for 16% household disposable income. The report is available to download from: http://www.odpm.gov.uk/stellent/groups/odpm_contro l/documents/contentservertemplate/odpm_index.hcst? n=1640&l=3. http://www.odpm.gov.uk/pns/displaypn.cgi?pn_id=200 4_0304
590 ## - LOCAL NOTE (RLIN)
Local note WB
590 ## - LOCAL NOTE (RLIN)
Local note WB
650 ## - SUBJECT ADDED ENTRY--TOPICAL TERM
Topical term or geographic name entry element HOUSING STATISTICS
650 ## - SUBJECT ADDED ENTRY--TOPICAL TERM
Topical term or geographic name entry element NEW DWELLINGS
650 ## - SUBJECT ADDED ENTRY--TOPICAL TERM
Topical term or geographic name entry element HOUSEHOLDS
650 ## - SUBJECT ADDED ENTRY--TOPICAL TERM
Topical term or geographic name entry element MORTGAGES
650 ## - SUBJECT ADDED ENTRY--TOPICAL TERM
Topical term or geographic name entry element HOUSEHOLD EXPENDITURE
690 ## - LOCAL SUBJECT ADDED ENTRY--TOPICAL TERM (OCLC, RLIN)
Topical term or geographic name as entry element HOUSING
942 ## - ADDED ENTRY ELEMENTS (KOHA)
Suppress in OPAC 0
Holdings
Withdrawn status Lost status Source of classification or shelving scheme Damaged status Not for loan Home library Current library Shelving location Date acquired Total Checkouts Full call number Barcode Date last seen Copy number Price effective from Koha item type
    Dewey Decimal Classification     London London News article 09/12/2004   WB4047-05 128255-1001 06/08/2019 1 06/08/2019 News article